Le Monde du Droit

Bibliographic Details
Format: Unknown
Language:French
Published: Pars̕ : Legal News,
Subjects:
Online Access:Acceso restringido

MARC

LEADER 00000ny a22000003n 4500
005 2011050909069.0
008 090130s2008 fr mr s 000 b0fre c
035 |a 2501 
040 |a UMA.RE  |d vlex 
080 |a 34(051)(0.034) 
080 |a 340.142(051)(0.034) 
090 |c 1452  |d 1452 
245 0 3 |a Le Monde du Droit  |h [Recurso electrn̤ico] 
256 |a Servicio en ln̕ea 
260 |a Pars̕ :  |b Legal News, 
310 |a Mensual 
506 1 |a Contenido solo disponible en los productos indicados  |d vLex Global  |d vLex Global (Academic Edition, excluding Law Schools)  |d vLex Global (U.S. Academic Edition, Law Schools)  |d vLex Global (U.S. Academic Edition, excluding Law Schools)  |d vLex Global (Academic Edition, Law Schools) 
650 0 4 |a Derecho  |x Publicaciones perid̤icas 
650 0 4 |a Jurisprudencia  |x Publicaciones perid̤icas 
740 0 |a vLex Revista (Servicios en ln̕ea) 
853 |8 1  |i (year)  |j (month)  |k (day) 
856 4 0 |u http://vlex.com/source/2501  |z Acceso restringido 
942 |c REV